| 000 | 00571nam a2200169Ia 4500 | ||
|---|---|---|---|
| 999 |
_c65597 _d65597 |
||
| 003 | GCL | ||
| 005 | 20240530110833.0 | ||
| 008 | 140319s9999 xx 000 0 ara d | ||
| 040 |
_aGCL / _cGCL |
||
| 082 | 0 | 4 |
_a906 _bج م |
| 100 | 1 | _aالجمعية الجغرافية المصرية | |
| 245 | 1 | 0 |
_aالموسم الثقافى 1972 - 1973 / _cالجمعية الجغرافية المصرية |
| 260 |
_a[S.N] : _bالجمعية الجغرافية المصرية ، _c1973 |
||
| 650 | 0 | 4 | _aدوريات |
| 650 | 0 | 4 | _aمصر القديمة - تاريخ |
| 942 |
_2ddc _cBK |
||